000 00430nam a2200181Ia 4500
001 25310
005 20260414151141.0
008 260414t2006||||xx |||||||||||||| ||spa||
041 _aESP
082 _a346.46
_bC12
100 _aCaballero Leal, José Luis
_eAUT
245 0 _aDerecho de autor para autores
_b
260 _c2006
300 _a76páginas :
_c\N
650 _aDER
654 _aCDE
942 _cLIB
_dJUS
_fJUS
_2ddc
_n
999 _c25310
_d25310